000 00310nam a22001337a 4500
008 170717b xxu||||| |||| 00| 0 eng d
020 _a9780310274599
041 _aeng
080 _a2
100 _a24
101 _aTEO
245 _aA LITTLE GUIDE TO CHRISTIAN SPIRITUALITY
_cSCORGIE, G.G
942 _2udc
_cBK
999 _c21316
_d21316